000 01319nam a2200313 a 4500
001 000013892
003 DO-SdBNP
005 20160519150828.0
007 000013892
008 091120s2014 dr a 000 0 spa d
020 _a9789945495526
040 _aBPMSU
_bspa
_cBPMSU
092 _axxxx
_bxxxxx
100 1 _aVeles, Adalgisa
245 1 0 _aCapullito 3 :
_bnivel inicial /
_cAdalgisa Veles ; colaboración María del Jesús de la Rosa ; ilustraciones Henry Cid.
260 _aSanto Domingo :
_bActualidad escolar 2000
_c2014
300 _a304 p. :
_bil. ;
_c22 cm.
490 1 _aAraya
500 _aIncluye el libro del maestro
500 _aEste libro ha sido realizado de acuerdo al curriculum vigente y ha sido sometido a la evaluación y aprobación de la MINERD,(Ministerio de Educación República Dominicana )
505 _tDía de deporte --
_tHansel y Gretel --
_tCompartir en familia --
_tValoro mi comunidad --
_t! Viva la cultura! --
_tLa manzana hechizada --
_tPaseo a la finca --
_tLilo el astrónomo --
700 1 2 _aRosa, María del Jesús de la,
_eed.
700 1 2 _aCid, Henry,
_eil.
830 0 _aAraya
930 1 _lBND01
_mLF1
_820091204
_f04
_pCT
_g8019
930 1 _lBND01
_mLF1
_820091120
_f01
_pCT
_g8019
942 _2ddc
_cBK
956 _aLOPEREZ
_b10
_c20160426
_lBPMSU
_h00041
999 _c9962
_d9962